Glosas de sabiduría (Record no. 143074)

MARC details
000 -LEADER
campo de control de longitud fija 00678nam a2200193 4500
001 - NÚMERO DE CONTROL
campo de control 143074
003 - IDENTIFICADOR DE NÚMERO DE CONTROL
campo de control ES-MaACL
005 - FECHA Y HORA DE LA ÚLTIMA TRANSACCIÓN
campo de control 20250523062559.0
007 - CAMPO FIJO DE DESCRIPCIÓN FÍSICA--INFORMACIÓN GENERAL
campo de control de longitud fija t|
008 - DATOS DE LONGITUD FIJA--INFORMACIÓN GENERAL
campo de control de longitud fija 070214s1974 sp r ||||1| spa d
100 1# - ENTRADA PRINCIPAL--NOMBRE DE PERSONA
Nombre de persona Sem Tob de Carrión.
9 (RLIN) 105368
245 10 - MENCIÓN DEL TÍTULO
Título Glosas de sabiduría
Resto del título : o Proverbios morales y otras rimas /
Mención de responsabilidad, etc. Sem Tob de Carrión ; texto, versión, introducción y comentarios de Agustín García Calvo.
260 ## - PUBLICACIÓN, DISTRIBUCIÓN, ETC.
Lugar de publicación, distribución, etc. Madrid :
Nombre del editor, distribuidor, etc. Alianza,
Fecha de publicación, distribución, etc. 1974.
300 ## - DESCRIPCIÓN FÍSICA
Extensión 240 p. ;
Dimensiones 18 cm.
700 1# - ENTRADA AGREGADA--NOMBRE PERSONAL
Nombre de persona García Calvo, Agustín,
Fechas asociadas al nombre 1926-2012
9 (RLIN) 233841
852 ## - LOCALIZACIÓN
Ubicación ES-MaACL
Número de control de estantería E-5717
Sublocalización o colección R.89941
852 ## - LOCALIZACIÓN
Ubicación ES-MaACL
Número de control de estantería E-7160
Sublocalización o colección R.91714
Holdings
Estatus retirado Estado de pérdida Estado de daño No para préstamo Biblioteca de origen Biblioteca actual Ubicación en estantería Fecha de adquisición Fuente de adquisición Total de préstamos Signatura topográfica completa Código de barras Visto por última vez Precio de reemplazo Tipo de ítem Koha
        Biblioteca del Ateneo de Madrid Biblioteca del Ateneo de Madrid Depósito 2 17/01/2008     E-7160 1148860 23/02/2023 23/02/2023 Libro impreso
        Biblioteca del Ateneo de Madrid Biblioteca del Ateneo de Madrid Depósito 2 17/01/2008     E-5717 1148859 23/02/2023 23/02/2023 Libro impreso